Date Importante de la Gendarmerie - Statistiques

Statistiques générales
  • Ce quiz a été pris 166 fois
  • Le résultat moyen est 5 sur 13
Statistiques - réponses
Question Réponse % Correct
La Maréchaussée devient la Gendarmerie nationale 1791
59%
Direction → Ministère de la Défense (au lieu de la Guerre) 1950
53%
Loi capitale → Rattachement au ministère de l’Intérieur (statut militaire conservé) 2009
46%
Décret → Organisation moderne de la Gendarmerie 1903
43%
Bataille de Villodrigo 1812
39%
Bataille de Hondschoote 1793
37%
Création de la Maréchaussée 1373
34%
Bataille d'Indochine 1945-1954
32%
Bataille d'Afrique du Nord 1952-1962
32%
Création des Brigades de Gendarmerie (maillage territoriale) 1720
29%
Bataille de Taguin 1843
28%
Bataille de Sébastopol 1855
28%
Budget propre (indépendant de l’armée de terre) 1974
23%
Aucun quiz correspondant
Distribution des résultats
% des personnes avec chaque résultat
Percentile par nombre de réponses
Votre historique - résultats
Vous n’avez pas pris ce quiz